|
|
|
|
| LEADER |
01002nam a2200277 a 4500 |
| 001 |
975 |
| 003 |
BD-DhAAL |
| 005 |
20150502093737.0 |
| 008 |
150502s1994 ii a b 000 0 eng |
| 010 |
|
|
|a 94906884
|
| 020 |
|
|
|a 0195634756 :
|c Rs375.00
|
| 025 |
|
|
|a I-E-75019
|
| 040 |
|
|
|a DLC
|c DLC
|d DLC
|d BD-DhAAL
|
| 050 |
0 |
0 |
|a HD75
|b .D385 1994
|
| 082 |
|
|
|2 338.9
|
| 100 |
1 |
|
|a Davidian, Zaven N.
|9 10876
|
| 245 |
1 |
0 |
|a Economic disparities among nations :
|b a threat to survival in a globalized world /
|c Zaven N. Davidian.
|
| 260 |
|
|
|a Calcutta ;
|a New York :
|b Oxford University Press,
|c 1994.
|
| 300 |
|
|
|a xxix, 304 p. :
|b ill. ;
|c 22 cm.
|
| 504 |
|
|
|a Includes bibliographical references (p. [293]-304).
|
| 541 |
|
|
|e 975
|
| 650 |
|
0 |
|a Economic development.
|9 10877
|
| 650 |
|
0 |
|a Regional economic disparities.
|9 10878
|
| 942 |
|
|
|2 ddc
|c BK
|
| 999 |
|
|
|c 34355
|d 34355
|
| 952 |
|
|
|0 0
|1 0
|2 ddc
|4 0
|6 338_900000000000000_DAV
|7 0
|9 53645
|a SCL
|b SCL
|c GEN
|d 2015-05-02
|l 0
|o 338.9 DAV
|p 3020000975
|r 2015-05-02
|t 1
|w 2015-05-02
|y BK
|